| 000 | 01248nam a2200217Ia 4500 | ||
|---|---|---|---|
| 999 |
_c36524 _d36524 |
||
| 001 | 2442 | ||
| 003 | GE_BSU | ||
| 005 | 20190517191926.0 | ||
| 008 | 181216s1986||||ge |||||||||||||| ||geo|| | ||
| 040 | _cGE_BSU | ||
| 041 | _ageo | ||
| 080 | _a821.112.2 გ–82 | ||
| 100 |
_aგრილპარცერი, ფრანც _91350 |
||
| 245 |
_aოქროს საწმისი : _bპიესა / _cგერმანულიდან თარგმნა, წინასიტყვ. და შენიშვნ. დაურთო ვიქტორ კახნიაშვილმა ; [მხატვ.: ც. გაჩეჩილაძე] ; საქ. მწერალთა კავშ. არსებ. მხატვრული თარგმანისა და ლიტ. ურთიერთობების მთავ. სარედ. კოლეგია. |
||
| 264 |
_aთბილისი : _bგანათლება, _c1987. |
||
| 300 |
_a221 გვ. _b19 სმ. |
||
| 500 | _aპარალ თავფურც. გერ. ენ. | ||
| 653 | _aპიესა | ||
| 700 |
_aკახნიაშვილი, ვიქტორ _eმთარგმნელი _91351 |
||
| 942 |
_cBK _2udc |
||